The greatest baby and toddler : (Record no. 36680)

MARC details
000 -LEADER
fixed length control field 00982nam a22002777a 4500
005 - DATE AND TIME OF LATEST TRANSACTION
control field 20100610121354.0
008 - FIXED-LENGTH DATA ELEMENTS--GENERAL INFORMATION
fixed length control field 100610t xxu||||| |||| 00| 0 eng d
010 ## - LCCN (DPL NO)
LC control number ENG-96325
020 ## - INTERNATIONAL STANDARD BOOK NUMBER
International Standard Book Number 9789380283579
Terms of availability 200.00
035 ## - SYSTEM CONTROL NUMBER
System control number EN-79858
037 ## - SOURCE OF ACQUISITION
Source of stock number/acquisition DBAD/PUB
040 ## - CATALOGING SOURCE
Original cataloging agency DPL
Language of cataloging Eng
082 ## - DEWEY DECIMAL CLASSIFICATION NUMBER
Classification number 649.122
100 ## - MAIN ENTRY--PERSONAL NAME
Personal name Burford, Vicky
9 (RLIN) 21805
245 ## - TITLE STATEMENT
Title The greatest baby and toddler :
Remainder of title tips in the world /
Statement of responsibility, etc by Vicky Burford illustrated by Peter Bellingham
260 ## - PUBLICATION, DISTRIBUTION, ETC. (IMPRINT)
Place of publication, distribution, etc New Delhi
Name of publisher, distributor, etc Westland
Date of publication, distribution, etc 2009
270 ## - ADDRESS
Address F-5, Okhla Industrial Area, Phase-I, Mezzanine Floor,
City New Delhi
Postal code 110020
300 ## - PHYSICAL DESCRIPTION
Extent 154p.
Dimensions 22 cm. (Pbk)
650 ## - SUBJECT ADDED ENTRY--TOPICAL TERM
Topical term or geographic name as entry element Child rearing
9 (RLIN) 21806
650 ## - SUBJECT ADDED ENTRY--TOPICAL TERM
Topical term or geographic name as entry element Infants - Care
9 (RLIN) 21807
650 ## - SUBJECT ADDED ENTRY--TOPICAL TERM
Topical term or geographic name as entry element Toddler - care
9 (RLIN) 21808
650 ## - SUBJECT ADDED ENTRY--TOPICAL TERM
Topical term or geographic name as entry element Infants
9 (RLIN) 21809
650 ## - SUBJECT ADDED ENTRY--TOPICAL TERM
Topical term or geographic name as entry element Tooddler
9 (RLIN) 21810
942 ## - ADDED ENTRY ELEMENTS (KOHA)
Source of classification or shelving scheme Dewey Decimal Classification
Item type English Books
Call number suffix BUR
Classification part 649.122
Holdings
Withdrawn status Lost status Source of classification or shelving scheme Damaged status Not for loan Collection code Home library Current library Date acquired Source of acquisition Cost, normal purchase price Total Checkouts Full call number Barcode Date last seen Copy number Cost, replacement price Koha item type
    Dewey Decimal Classification   Not For Loan Non-fiction D.B.Act.Division D.B.Act.Division 12/05/2010 DBAD/PUB 200.00   BUR EN-79858 10/06/2010 1 200.00 English Books

© Delhi Public Library
Hit Counter
free hit counter